000 00418nam a2200169Ia 4500
008 131103s9999 xx 000 0 und d
020 _a0 033391 062 1
040 _aLoreto College
041 _aEnglish
082 _aCHBK
_b#NAME?
245 _aFolk - tales of Bengal
260 _aMadras
_bMacmillan
_c1989
300 _a44p.
_b ill.
_c 20 cm.
650 _aCHBK - 1
850 _aLCBED/CHBK - 1/DOD
942 _cBK
999 _c31164
_d81643